MARC details
| 000 -CABECERA |
| campo de control de longitud fija |
01026nam a2200265 a 4500 |
| 001 - NÚMERO DE CONTROL |
| campo de control |
000023242 |
| 005 - FECHA Y HORA DE LA ÚLTIMA TRANSACCIÓN |
| campo de control |
20200930022101.0 |
| 008 - DATOS DE LONGITUD FIJA--INFORMACIÓN GENERAL |
| campo de control de longitud fija |
101130s1995 sp r 000 j spa d |
| 020 ## - NÚMERO INTERNACIONAL ESTÁNDAR DEL LIBRO |
| Número Internacional Estándar del Libro |
Cuentos de cabecera |
| 040 ## - FUENTE DE LA CATALOGACIÓN |
| Centro catalogador/agencia de origen |
DO-SdBNP |
| Lengua de catalogación |
spa |
| Centro/agencia transcriptor |
BNPHU |
| 082 ## - NÚMERO DE LA CLASIFICACIÓN DECIMAL DEWEY |
| Número de clasificación |
xxx |
| Número de documento/Ítem |
C965c |
| 049 ## - FONDOS LOCALES (OCLC) |
| Fondos de biblioteca |
BNGR |
| 245 10 - MENCIÓN DE TÍTULO |
| Título |
Cuentos de cabecera / |
| Mención de responsabilidad, etc. |
Emma Cohen...[et al]; ilustración de Imma Pla. |
| 260 ## - PUBLICACIÓN, DISTRIBUCIÓN, ETC. |
| Lugar de publicación, distribución, etc. |
Barcelona : |
| Nombre del editor, distribuidor, etc. |
Planeta-De Agostini , |
| Fecha de publicación, distribución, etc. |
1995. |
| 300 ## - DESCRIPCIÓN FÍSICA |
| Extensión |
93 p. ; |
| Dimensiones |
18 cm. |
| 490 ## - MENCIÓN DE SERIE |
| Mención de serie |
Cuentos de Cabecera; |
| Designación de volumen o secuencia |
5 |
| 500 ## - NOTA GENERAL |
| Nota general |
Edición especial para NH. |
| 505 ## - NOTA DE CONTENIDO CON FORMATO |
| Título |
El hombre de la gabardina / |
| Mención de responsabilidad |
Emma Cohen |
| Título |
En el gran Ecbó / |
| Mención de responsabilidad |
Guillermo Cabrera Infante |
| Título |
Concierto sobre la hierba /Una tarde rota / |
| Mención de responsabilidad |
Juan García Hortelano |
| Título |
Ad porcos / Moscas y arañas / |
| Mención de responsabilidad |
Adolfo Bioy Casares |
| 700 1# - PUNTO DE ACCESO ADICIONAL--NOMBRE DE PERSONA |
| Nombre de persona |
Cohen, Emma |
| 9 (RLIN) |
21720 |
| 700 1# - PUNTO DE ACCESO ADICIONAL--NOMBRE DE PERSONA |
| Nombre de persona |
Cabrera Infante, Guillermo |
| 9 (RLIN) |
47867 |
| 700 1# - PUNTO DE ACCESO ADICIONAL--NOMBRE DE PERSONA |
| Nombre de persona |
García Hortelano, Juan |
| 9 (RLIN) |
47868 |
| 700 1# - PUNTO DE ACCESO ADICIONAL--NOMBRE DE PERSONA |
| Nombre de persona |
Bioy Casares, Adolfo |
| 9 (RLIN) |
46273 |
| 700 1# - PUNTO DE ACCESO ADICIONAL--NOMBRE DE PERSONA |
| Nombre de persona |
Pla, Imma |
| Término indicativo de función/relación |
il. |
| 9 (RLIN) |
47869 |
| 830 #0 - PUNTO DE ACCESO ADICIONAL DE SERIE-TÍTULO UNIFORME |
| Título uniforme |
Cuentos de Cabecera; |
| Designación de volumen o secuencia |
5 |
| 9 (RLIN) |
47870 |